Introduction to yoga (Record no. 396150)

MARC details
000 -LEADER
fixed length control field 00521 a2200205 4500
005 - DATE & TIME
control field 20260220122953.0
008 - FIXED-LENGTH DATA ELEMENTS--GENERAL INFORMATION
fixed length control field 260220b |||||||| |||| 00| 0 eng d
020 ## - ISBN
International Standard Book Number 9789359789064
Price Rs. 695.00
040 ## - CATALOGING SOURCE
Original cataloging agency VIVEKANANDA LIBRARY
082 ## - DDC NUMBER
Classification number 796.076137046
Book Number M295I
100 ## - MAIN ENTRY--PERSONAL NAME
Personal name Malik, Neeru
245 ## - TITLE STATEMENT
Title Introduction to yoga
260 ## - PUBLICATION, DISTRIBUTION, ETC. (IMPRINT)
Name of publisher, distributor, etc Friends publication
Date of publication, distribution, etc 2025
Place of publication, distribution, etc New Delhi
300 ## - PHYSICAL DESCRIPTION
Pages 159
650 ## - Subject
Subject Yoga
650 ## - Subject
Subject Basic Concepts of Yoga
650 ## - Subject
Subject Philosophy of Yoga
700 ## - Added Entry Personal Name
Added Entry Personal Name Kulbir Singh
942 ## - ADDED ENTRY ELEMENTS (KOHA)
Koha item type Books
Holdings
Withdrawn status Lost status Source of classification or shelving scheme Damaged status Not for loan Location (home branch) Sublocation or collection (holding branch) Shelving location Date acquired Koha issues (times borrowed) Koha full call number Accession No. Koha date last seen Koha item type
    Dewey Decimal Classification     VIVEKANANDA LIBRARY VIVEKANANDA LIBRARY Vivekananda Library 05/02/2026   796.076137046 M295I 438159 05/02/2026 Books
    Dewey Decimal Classification     VIVEKANANDA LIBRARY VIVEKANANDA LIBRARY Vivekananda Library 05/02/2026   796.076137046 M295I 438158 05/02/2026 Books
© Designed and Maintained by Vivekananda Library, MDU Rohtak